The golden dreams = gintong pangarap / (Record no. 71633)
[ view plain ]
| 000 -LEADER | |
|---|---|
| fixed length control field | nam a22 7a 4500 |
| 003 - CONTROL NUMBER IDENTIFIER | |
| control field | PILC |
| 005 - DATE AND TIME OF LATEST TRANSACTION | |
| control field | 20180312100152.0 |
| 008 - FIXED-LENGTH DATA ELEMENTS--GENERAL INFORMATION | |
| fixed length control field | 180308b1996 xxu||||| |||| 00| 0 eng d |
| 010 ## - LIBRARY OF CONGRESS CONTROL NUMBER | |
| LC control number | Acc#29167 |
| 020 ## - INTERNATIONAL STANDARD BOOK NUMBER | |
| International Standard Book Number | 9718879021 |
| 040 ## - CATALOGING SOURCE | |
| Transcribing agency | Philippine Baptist Theological Seminary |
| 050 ## - LIBRARY OF CONGRESS CALL NUMBER | |
| Classification number | Fil CT 3740 |
| Item number | M319 [1996] |
| 100 10 - MAIN ENTRY--PERSONAL NAME | |
| Personal name | Manubay, Felix M. |
| Relator term | author |
| 245 14 - TITLE STATEMENT | |
| Title | The golden dreams = gintong pangarap / |
| Statement of responsibility, etc. | Col. Felix M. Manubay |
| 264 ## - PRODUCTION, PUBLICATION, DISTRIBUTION, MANUFACTURE, AND COPYRIGHT NOTICE | |
| Place of production, publication, distribution, manufacture | [Quezon City, Philippines ] : |
| Name of producer, publisher, distributor, manufacturer | [name of publisher not identified], |
| Date of production, publication, distribution, manufacture, or copyright notice | [1996] |
| 300 ## - PHYSICAL DESCRIPTION | |
| Extent | 168 pages : |
| Other physical details | illustrations ; |
| Dimensions | 23 cm |
| 500 ## - GENERAL NOTE | |
| General note | Contents :<br/><br/>1. Golden Dreams<br/>2. My Parents Dreams<br/>3. Lady of My Dream<br/>4. Improvement of the Filipino Way of Life<br/>5. Be S Progressive Filipino<br/>6. Strict Implementation of the Law<br/>7. Need fro a Peaceful, clean, and orderly e;ection<br/>8. Reduce law makers<br/>9. Dedicated God - fearing police officer<br/>10. Better system for Taxation<br/>11. Politicians we need today<br/>12. Our rebel brothers<br/>13. Keep the beauty and safety of the national highway<br/>14. Dedicated public servant<br/>15. Cagayan Valley a tourist destination<br/>16. I came closer to God<br/>17. May all these dreams come true<br/>18. Binbin cattle ranch<br/>19. Residential house<br/>20. Turning a house into lodge<br/>21. Shell service station<br/>22. Security agency (GISA)<br/>23. Chapel<br/>24. Pecking duck farm<br/>25. Mexican bungalow |
| 600 ## - SUBJECT ADDED ENTRY--PERSONAL NAME | |
| Personal name | Manubay, Felix M., 1927- |
| Form subdivision | Biography |
| 650 ## - SUBJECT ADDED ENTRY--TOPICAL TERM | |
| Topical term or geographic name as entry element | Police |
| Geographic subdivision | Philippines |
| Form subdivision | Biography |
| 650 ## - SUBJECT ADDED ENTRY--TOPICAL TERM | |
| Topical term or geographic name as entry element | Soldiers |
| Geographic subdivision | Philippines |
| Form subdivision | Biography |
| 942 ## - ADDED ENTRY ELEMENTS (KOHA) | |
| Source of classification or shelving scheme | Dewey Decimal Classification |
| Koha item type | Circulation Books |
| Withdrawn status | Lost status | Source of classification or shelving scheme | Damaged status | Not for loan | Home library | Current library | Shelving location | Date acquired | Source of acquisition | Total Checkouts | Full call number | Barcode | Date last seen | Price effective from | Koha item type |
|---|---|---|---|---|---|---|---|---|---|---|---|---|---|---|---|
| Dewey Decimal Classification | PBTS Library | PBTS Library | Filipiniana Section | 03/08/2018 | Gift | Fil CT 3740 M319 [1996] | 29167 | 02/04/2026 | 03/08/2018 | Circulation Books |